| 000 | 01021nam a2200313 i 4500 | ||
|---|---|---|---|
| 001 | 10453 | ||
| 003 | ES-MaACL | ||
| 005 | 20240301062530.0 | ||
| 007 | t| | ||
| 008 | 950626s1992 sp ||||1| spa d | ||
| 020 | _a8474838819 | ||
| 080 | _a016:929.6:091 | ||
| 080 | _a016:929.7:091 | ||
| 080 | _a017.1(464.1)B.N. | ||
| 080 | _a929.6:016:091 | ||
| 080 | _a929.7:016:091 | ||
| 100 | 1 |
_aGarcía Cubero, Luis. _954394 |
|
| 245 | 1 | 0 |
_aBibliografía heráldico-genealógico-nobiliaria de la Biblioteca Nacional _b: (manuscritos) / _cpor Luis García Cubero. |
| 260 |
_aMadrid : _bBiblioteca Nacional, _c1992. |
||
| 300 |
_a683 p. ; _c24 cm. |
||
| 500 | _aIndice. | ||
| 650 | 1 | 4 |
_aHeráldica- _vManuscritos- _vCatálogos. _913320 |
| 650 | 1 | 4 |
_aGenealogía- _vManuscritos- _vCatálogos. _913048 |
| 650 | 1 | 4 |
_aManuscritos- _xBiblioteca Nacional (España)- _xCatálogos. _914753 |
| 710 | 2 |
_aBiblioteca Nacional (España) _92188 |
|
| 852 |
_aES-MaACL _jL-17831 _bR.123960 |
||
| 942 | _2udc | ||
| 999 |
_c10453 _d10453 |
||